| 000 | 00680nam a2200241Ia 4500 | ||
|---|---|---|---|
| 003 | OSt | ||
| 005 | 20221007070826.0 | ||
| 006 | a|||||r|||| 00| 0 | ||
| 007 | ta | ||
| 008 | 221006b |||||||| |||| 00| 0 eng d | ||
| 024 | _a26,766 | ||
| 037 | _cTextual | ||
| 040 |
_aFLL _cFLL _beng |
||
| 041 |
_2eng _aeng |
||
| 082 | _aX8:Z73y7, H9 | ||
| 100 |
_aGoble George W. _9687763 |
||
| 245 | 0 | _aCases and other materials on the law of insurance | |
| 250 | _a2nd | ||
| 260 |
_aIndianapolis _bTh Bobbs-Merrill Company, Inc. Indianapolis _c1949 |
||
| 300 |
_axiii,1-944p _ccm. |
||
| 942 |
_hX8:Z73y7, H9 _cTEXL _2CC |
||
| 999 |
_c1141638 _d1141638 |
||